Nová kniha o matke a dieťati /

Hlavní autor: Stoppard, Miriam, 1937-
Jazyk: Slovenština
Vydáno: Praha : Ottovo nakladatelství, 2008
Témata:
Externí odkaz: Digitalizovaný dokument
Fyzický popis: 168 s. : barev. il. ; 29 cm
Knihy
Uloženo v:
LEADER 01610nam a2200445 a 4500
001 nkc20081807719
003 CZ PrNK
005 20080829110626.0
007 ta
008 080606s2008 xr a e f 001 0 slo
015 |a cnb001807719 
020 |a 978-80-7360-678-7  |q (váz.) 
035 |a (OCoLC)244814581 
040 |a ABA001  |b cze  |d OLA001 
041 1 |a slo  |h eng 
072 7 |a 618  |x Gynekologie. Porodnictví  |2 Konspekt  |9 14 
080 |a 618.2/.3  |2 MRF 
080 |a 618.4/.5  |2 MRF 
080 |a 613.952/.953  |2 MRF 
080 |a (035)  |2 MRF 
100 1 |a Stoppard, Miriam,  |d 1937-  |7 jn20001103541  |4 aut 
245 1 0 |a Nová kniha o matke a dieťati /  |c Miriam Stoppard ; [z anglického originálu ... preložili Jitka Kytnarová, Věra Strádalová a Ľubica Janeva] 
260 |a Praha :  |b Ottovo nakladatelství,  |c 2008 
300 |a 168 s. :  |b barev. il. ;  |c 29 cm 
500 |a Obsahuje rejstřík 
650 0 7 |a těhotenství  |7 ph126830  |2 czenas 
650 0 7 |a porod  |7 ph124364  |2 czenas 
650 0 7 |a raná péče o dítě  |7 ph135011  |2 czenas 
650 0 9 |a pregnancy  |2 eczenas 
650 0 9 |a childbirth  |2 eczenas 
650 0 9 |a early child care  |2 eczenas 
655 7 |a příručky  |7 fd133209  |2 czenas 
655 9 |a handbooks and manuals  |2 eczenas 
765 0 |t New parent  |9 Česky 
856 4 1 |u http://www.digitalniknihovna.cz/mzk/uuid/uuid:16c266f0-98f5-11ea-8b1b-005056827e52  |y Digitalizovaný dokument  |x NDK 
910 2 |a BOA001  |b 3-1207.134 
990 |a BK 
995 |a 01 
991 |b 200807  |c NOV 
996 6 |b 2610346342  |c 3-1207.134  |l MZK  |r Sklad / do 1 hodiny  |n 0  |p p.v.  |w 001065432  |u 000010  |a 1  |e BOA001  |j MZK50  |s P